| 000 | 00607nam a2200217 u 4500 | ||
|---|---|---|---|
| 005 | 20240924071103.0 | ||
| 008 | 100512s2006 es r 000 0 spa d | ||
| 020 | _a8402420184 | ||
| 035 | _aUPN01000175789 | ||
| 049 | _aCG | ||
| 050 | 4 |
_aPQ7392 G8 _bT6.2 |
|
| 100 | 1 |
_aGuerra, Wendy, _d1970- _934258 |
|
| 245 | 1 | 0 |
_aTodos se van / _cWendy Guerra. |
| 260 |
_aBarcelona, Esp. : _bBruguera, _c2006. |
||
| 300 | _a285 p. | ||
| 440 | 0 | _aNarrativa | |
| 586 | _a"1er. Premio de Novela Bruguera" | ||
| 650 | 2 |
_aLiteratura cubana _96053 |
|
| 600 | 1 | 4 |
_aGUERRA, WENDY, _d1970- - _vDIARIOS _916628 |
| 905 | _aLibro | ||
| 999 |
_c147892 _d147892 |
||